000 00721nam a2200253Ia 4500
003 OSt
005 20220918172137.0
006 a|||||r|||| 00| 0
007 ta
008 220917b |||||||| |||| 00| 0 eng d
020 _a9789381505137 (hbk)
_c990
024 _a266,151
037 _b669, 18/10/2012, Bright Book Service
_cTextual
040 _aARTS
_cARTS
_beng
041 _2eng
_aeng
082 _aQ8441v, Q2
100 _aRaina M V
_940396
245 0 _aHistory of Sikhs
260 _aDelhi
_bWisdom Publications India
_c2012
300 _a384p.
_ccm.
650 _aRELIGION
942 _hQ8441v, Q2
_cTEXL
_2CC
999 _c142756
_d142756